000 00944nam a2200265 4500
003 OSt
005 20260530113904.0
008 260417b1976 |||a|||| |||| 00| 0 spa d
020 _a8425206367
040 _aICI
_bspa
_cICI
041 _aspa
_hspa
050 _aTH1000
_bB446
100 1 _aBender Richard
_d1930-
_932625
240 _aUna vision de la construccion industrializada
_lspa
245 1 0 _aUna vision de la construccion industrializada /
_cRichard Bender ; maquetado e ilustrado por Forrest Wilson ; prefacio de Ezra D. Ehrenkrantz ; version española de Ángeles Rovira llovera
260 _aBarcelona :
_bGustavo Gili
_c1976
264 1 _bGustavo Gili Barcelona
_c1976
_aBarcelona :
300 _a167 páginas
336 _atexto
_2rdacontent
337 _asin medio
_2rdamedia
338 _avolumen
_2rdacarrier
490 _aTecnología y arquitectura
650 _aIndustria de la construcción
_932626
942 _2ddc
_cBK
999 _c11891
_d11891